000 00212 a2200097 4500
001 32577
100 _aThomas, L
245 _aBomber Commander
260 _aLondon
_bSidgwick & Jackson
_c
090 _c21793
_d21793
942 _aNUST-CAE
_cM
_c13106
999 _c267650
_d267650